Top 20 Wind Power Countries - Statistics

General Stats
  • This quiz has been taken 698 times
  • The average score is 17 of 20
Answer Stats
TWh Country % Correct
65.87 United States
99%
114.76 China
95%
12.44 United Kingdom
94%
9.69 Canada
93%
39.17 Germany
93%
9.29 France
91%
22.99 Spain
91%
8.66 Italy
88%
2.79 Japan
88%
5.43 Sweden
87%
3.81 Australia
86%
5.94 Brazil
86%
22.47 India
85%
2.55 Mexico
85%
4.85 Denmark
78%
2.81 Netherlands
76%
4.92 Portugal
72%
3.83 Poland
71%
3.76 Turkey
62%
2.95 Romania
33%
No matching quizzes found
Score Distribution
Percent of People with Each Score
Percentile by Number Answered
Your Score History
You have not taken this quiz